00339nam a22000977a 4500008004100000082001200041110001300053245013200066260003400198300000900232230620b xxu||||| |||| 00| 0 eng d a323bUN bUNd1994 aCommission on Human RightsbReport on the fiftienth (3 February - 12 march 1993)cEconomic and social councilhSupplement No.3A aNew York and GenevabUNc1993 a118p